000 00302nam a22001337a 4500
008 171030b xxu||||| |||| 00| 0 eng d
020 _a007005319
041 _aeng
080 _a336
100 _a56
101 _aFIN
245 _aURBAN ECONOMICS AND POLICY ANALYSIS
_cBISH.R.L
942 _2udc
_cBK
999 _c36298
_d36298